000 00702nam a2200289Ia 4500
005 20260324141230.0
008 008 260324s9999 xx 000 0 eng d
020 _a9780203983768
037 _aEBOOK
040 _aCRL
040 _beng
040 _cCRL
041 _2eng
041 _aeng
084 _qCRL
100 _aObed O. Mailafia
_91207419
245 0 _aEurope and Economic Reform in Africa
245 0 _bStructural Adjustment and Economic Diplomacy
260 _bTaylor and Francis
260 _c1997
365 _a
365 _b230
856 _uhttp://www.taylorfrancis.com/books/9780203983768
942 _cEBOOK
999 _c1810291
_d1810291